[Event "Leili Parnpuu Memorial 2026"]
[Site "Pärnu, EE"]
[Date "2026.02.01"]
[Round "4"]
[White "Blokhin, Sofia"]
[Black "Berzina, Ilze"]
[Result "1-0"]
[Board "1"]
[WhiteFideId "4508190"]
[BlackFideId "11601345"]
[WhiteTitle "WFM"]
[BlackTitle "WGM"]
[WhiteElo "2013"]
[BlackElo "2080"]
[WhiteTeam "EST"]
[BlackTeam "LAT"]
[WhiteClock "0:00:19"]
[BlackClock "0:01:34"]
[Variant "Standard"]

1. d4 {[%clk 0:15:05]}  d5 {[%clk 0:15:03]} 2. c4 {[%clk 0:15:06]}  e6 {[%clk 0:15:04]} 3. Nc3 {[%clk 0:15:06]}  c6 {[%clk 0:15:06]} 4. e4 {[%clk 0:15:07]}  Bb4 {[%clk 0:15:03]} 5. cxd5 {[%clk 0:15:03]}  exd5 {[%clk 0:14:11]} 6. e5 {[%clk 0:15:03]}  Ne7 {[%clk 0:14:01]} 7. a3 {[%clk 0:14:42]}  Ba5 {[%clk 0:13:37]} 8. Nge2 {[%clk 0:12:50]}  c5 {[%clk 0:12:51]} 9. dxc5 {[%clk 0:11:47]}  Nbc6 {[%clk 0:12:37]} 10. b4 {[%clk 0:11:35]}  Bc7 {[%clk 0:12:30]} 11. f4 {[%clk 0:11:23]}  O-O {[%clk 0:11:14]} 12. Nb5 {[%clk 0:10:16]}  Bg4 {[%clk 0:10:47]} 13. Qd2 {[%clk 0:09:43]}  Nf5 {[%clk 0:10:01]} 14. Nxc7 {[%clk 0:07:49]}  Qxc7 {[%clk 0:09:59]} 15. Ng3 {[%clk 0:05:32]}  Nxe5 {[%clk 0:07:30]} 16. fxe5 {[%clk 0:04:34]}  Qxe5+ {[%clk 0:07:29]} 17. Kf2 {[%clk 0:04:28]}  Qxa1 {[%clk 0:06:53]} 18. Bb2 {[%clk 0:03:57]}  Nxg3 {[%clk 0:06:33]} 19. hxg3 {[%clk 0:01:48]}  Qd1 {[%clk 0:06:18]} 20. Qxd1 {[%clk 0:01:30]}  Bxd1 {[%clk 0:06:18]} 21. Bd3 {[%clk 0:01:32]}  f5 {[%clk 0:04:52]} 22. Rxd1 {[%clk 0:01:32]}  Kf7 {[%clk 0:04:42]} 23. Be5 {[%clk 0:01:17]}  Rfe8 {[%clk 0:03:50]} 24. Bd6 {[%clk 0:01:10]}  b6 {[%clk 0:03:20]} 25. Bb5 {[%clk 0:01:05]}  Rh8 {[%clk 0:02:44]} 26. Bc6 {[%clk 0:01:05]}  Rad8 {[%clk 0:02:32]} 27. Bxd5+ {[%clk 0:01:05]}  Kf6 {[%clk 0:02:23]} 28. Re1 {[%clk 0:00:57]}  Rhe8 {[%clk 0:02:20]} 29. Rxe8 {[%clk 0:00:49]}  Rxe8 {[%clk 0:02:22]} 30. c6 {[%clk 0:00:48]}  Rd8 {[%clk 0:01:47]} 31. c7 {[%clk 0:00:46]}  Rxd6 {[%clk 0:01:49]} 32. c8=Q {[%clk 0:00:31]}  Rxd5 {[%clk 0:01:50]} 33. Qc6+ {[%clk 0:00:28]}  Ke5 {[%clk 0:01:52]} 34. Qc3+ {[%clk 0:00:28]}  Ke4 {[%clk 0:01:34]} 35. Qe3# {[%clk 0:00:19]} 1-0

[Event "Leili Parnpuu Memorial 2026"]
[Site "Pärnu, EE"]
[Date "2026.02.01"]
[Round "4"]
[White "Olde, Grete"]
[Black "Ter-Avetisjana, Agnesa Stepania"]
[Result "0-1"]
[Board "2"]
[WhiteFideId "4503104"]
[BlackFideId "11614900"]
[WhiteTitle "WCM"]
[BlackTitle "WIM"]
[WhiteElo "2124"]
[BlackElo "2188"]
[WhiteTeam "EST"]
[BlackTeam "LAT"]
[WhiteClock "0:00:26"]
[BlackClock "0:00:09"]
[Variant "Standard"]

1. e4 {[%clk 0:15:05]}  c6 {[%clk 0:15:05]} 2. d4 {[%clk 0:15:06]}  d5 {[%clk 0:15:07]} 3. e5 {[%clk 0:15:08]}  c5 {[%clk 0:15:05]} 4. dxc5 {[%clk 0:15:08]}  e6 {[%clk 0:15:07]} 5. Be3 {[%clk 0:14:54]}  Nd7 {[%clk 0:15:09]} 6. Bb5 {[%clk 0:14:46]}  Qc7 {[%clk 0:15:11]} 7. Nf3 {[%clk 0:14:12]}  Bxc5 {[%clk 0:13:41]} 8. Bxc5 {[%clk 0:13:20]}  Qxc5 {[%clk 0:13:42]} 9. Ba4 {[%clk 0:13:04]}  b5 {[%clk 0:12:45]} 10. Bb3 {[%clk 0:12:54]}  Ne7 {[%clk 0:12:27]} 11. O-O {[%clk 0:12:46]}  Bb7 {[%clk 0:12:07]} 12. c3 {[%clk 0:12:38]}  Nc6 {[%clk 0:11:24]} 13. Re1 {[%clk 0:12:23]}  Rd8 {[%clk 0:11:09]} 14. a4 {[%clk 0:11:44]}  b4 {[%clk 0:09:53]} 15. a5 {[%clk 0:10:59]}  Ba6 {[%clk 0:09:42]} 16. Qd2 {[%clk 0:10:03]}  O-O {[%clk 0:08:41]} 17. Bc2 {[%clk 0:09:47]}  Rb8 {[%clk 0:07:54]} 18. Qg5 {[%clk 0:08:54]}  h6 {[%clk 0:06:52]} 19. Qh5 {[%clk 0:08:09]}  d4 {[%clk 0:04:53]} 20. Nbd2 {[%clk 0:06:17]}  bxc3 {[%clk 0:03:11]} 21. bxc3 {[%clk 0:05:41]}  d3 {[%clk 0:03:09]} 22. Ba4 {[%clk 0:05:18]}  Bb5 {[%clk 0:02:15]} 23. Ne4 {[%clk 0:03:51]}  Qe7 {[%clk 0:02:10]} 24. Bb3 {[%clk 0:03:36]}  Nc5 {[%clk 0:00:58]} 25. Bd1 {[%clk 0:02:47]}  Rfd8 {[%clk 0:00:21]} 26. Nd6 {[%clk 0:02:38]}  Ba6 {[%clk 0:00:04]} 27. Nd4 {[%clk 0:02:10]}  Nxe5 {[%clk 0:00:05]} 28. Rxe5 {[%clk 0:02:02]}  Qxd6 {[%clk 0:00:04]} 29. Rxc5 {[%clk 0:02:02]}  g6 {[%clk 0:00:06]} 30. Qe5 {[%clk 0:02:03]}  Qxe5 {[%clk 0:00:06]} 31. Rxe5 {[%clk 0:02:05]}  Rbc8 {[%clk 0:00:07]} 32. Rc1 {[%clk 0:01:58]}  Rxd4 {[%clk 0:00:08]} 33. f3 {[%clk 0:00:59]}  Rdc4 {[%clk 0:00:09]} 34. Kf2 {[%clk 0:00:46]}  Rxc3 {[%clk 0:00:10]} 35. Rxc3 {[%clk 0:00:40]}  Rxc3 {[%clk 0:00:11]} 36. Ke3 {[%clk 0:00:40]}  Rc1 {[%clk 0:00:09]} 37. Kd2 {[%clk 0:00:41]}  Rb1 {[%clk 0:00:06]} 38. Rc5 {[%clk 0:00:27]}  Rb2+ {[%clk 0:00:08]} 39. Kc3 {[%clk 0:00:26]}  Rxg2 {[%clk 0:00:08]} 40. Rc6 {[%clk 0:00:26]}  Bb7 {[%clk 0:00:09]} 41. Rc7 {[%clk 0:00:25]}  Bxf3 {[%clk 0:00:07]} 42. Bxf3 {[%clk 0:00:26]}  Rc2+ {[%clk 0:00:09]} 0-1

[Event "Leili Parnpuu Memorial 2026"]
[Site "Pärnu, EE"]
[Date "2026.02.01"]
[Round "4"]
[White "Olde, Margareth"]
[Black "Pikkmets, Reet"]
[Result "1-0"]
[Board "3"]
[WhiteFideId "4503082"]
[BlackFideId "4501802"]
[WhiteTitle "WIM"]
[WhiteElo "2080"]
[BlackElo "1974"]
[WhiteTeam "EST"]
[BlackTeam "EST"]
[WhiteClock "0:00:06"]
[BlackClock "0:00:08"]
[Variant "Standard"]

1. d4 {[%clk 0:15:05]}  d5 {[%clk 0:15:04]} 2. Nf3 {[%clk 0:15:07]}  Nf6 {[%clk 0:15:05]} 3. c4 {[%clk 0:15:09]}  dxc4 {[%clk 0:15:01]} 4. e3 {[%clk 0:15:09]}  e6 {[%clk 0:15:01]} 5. Bxc4 {[%clk 0:15:06]}  c5 {[%clk 0:14:35]} 6. O-O {[%clk 0:15:07]}  Be7 {[%clk 0:12:28]} 7. dxc5 {[%clk 0:14:53]}  Qxd1 {[%clk 0:12:19]} 8. Rxd1 {[%clk 0:14:54]}  Bxc5 {[%clk 0:12:21]} 9. a3 {[%clk 0:13:01]}  O-O {[%clk 0:11:44]} 10. b4 {[%clk 0:12:52]}  Bb6 {[%clk 0:11:41]} 11. Bb2 {[%clk 0:12:42]}  Rd8 {[%clk 0:10:42]} 12. Nc3 {[%clk 0:12:34]}  a6 {[%clk 0:10:42]} 13. Ne5 {[%clk 0:11:37]}  Nbd7 {[%clk 0:10:09]} 14. Ne2 {[%clk 0:09:32]}  Bc7 {[%clk 0:09:47]} 15. Nxd7 {[%clk 0:08:59]}  Bxd7 {[%clk 0:09:34]} 16. Rac1 {[%clk 0:08:05]}  Ba4 {[%clk 0:08:33]} 17. Rxd8+ {[%clk 0:07:57]}  Rxd8 {[%clk 0:08:34]} 18. Nd4 {[%clk 0:07:29]}  Bb6 {[%clk 0:07:21]} 19. Ba2 {[%clk 0:06:23]}  h6 {[%clk 0:06:49]} 20. h3 {[%clk 0:06:04]}  Nd5 {[%clk 0:05:04]} 21. Kh2 {[%clk 0:04:39]}  Bc7+ {[%clk 0:04:07]} 22. g3 {[%clk 0:04:33]}  Bb6 {[%clk 0:04:10]} 23. Nf3 {[%clk 0:01:15]}  a5 {[%clk 0:03:58]} 24. bxa5 {[%clk 0:00:32]}  Bxa5 {[%clk 0:04:00]} 25. Bd4 {[%clk 0:00:27]}  Kf8 {[%clk 0:00:32]} 26. Ne5 {[%clk 0:00:25]}  f6 {[%clk 0:00:24]} 27. Nc4 {[%clk 0:00:13]}  Bc7 {[%clk 0:00:07]} 28. Nb2 {[%clk 0:00:08]}  Bc6 {[%clk 0:00:08]} 29. Nd3 {[%clk 0:00:10]}  Ne7 {[%clk 0:00:08]} 30. Nb4 {[%clk 0:00:10]}  Bd5 {[%clk 0:00:08]} 31. Nxd5 {[%clk 0:00:06]} 1-0

[Event "Leili Parnpuu Memorial 2026"]
[Site "Pärnu, EE"]
[Date "2026.02.01"]
[Round "5"]
[White "Ter-Avetisjana, Agnesa Stepania"]
[Black "Blokhin, Sofia"]
[Result "1/2-1/2"]
[Board "1"]
[WhiteFideId "11614900"]
[BlackFideId "4508190"]
[WhiteTitle "WIM"]
[BlackTitle "WFM"]
[WhiteElo "2188"]
[BlackElo "2013"]
[WhiteTeam "LAT"]
[BlackTeam "EST"]
[WhiteClock "0:00:09"]
[BlackClock "0:00:12"]
[Variant "Standard"]

1. e4 {[%clk 0:15:04]}  c5 {[%clk 0:15:05]} 2. Nf3 {[%clk 0:15:05]}  d6 {[%clk 0:15:07]} 3. Bb5+ {[%clk 0:15:06]}  Nd7 {[%clk 0:15:06]} 4. O-O {[%clk 0:15:07]}  a6 {[%clk 0:15:06]} 5. Bd3 {[%clk 0:15:09]}  Ngf6 {[%clk 0:15:05]} 6. c3 {[%clk 0:15:11]}  b5 {[%clk 0:15:06]} 7. a4 {[%clk 0:15:07]}  c4 {[%clk 0:13:50]} 8. Bc2 {[%clk 0:15:08]}  Bb7 {[%clk 0:13:42]} 9. d3 {[%clk 0:14:42]}  cxd3 {[%clk 0:12:57]} 10. Bxd3 {[%clk 0:14:43]}  bxa4 {[%clk 0:11:07]} 11. Qxa4 {[%clk 0:14:36]}  e6 {[%clk 0:09:56]} 12. h3 {[%clk 0:14:04]}  Be7 {[%clk 0:09:50]} 13. Be3 {[%clk 0:14:04]}  O-O {[%clk 0:09:41]} 14. Nbd2 {[%clk 0:14:04]}  Nc5 {[%clk 0:08:34]} 15. Bxc5 {[%clk 0:13:58]}  dxc5 {[%clk 0:08:35]} 16. Qc2 {[%clk 0:13:59]}  g6 {[%clk 0:07:57]} 17. Rfd1 {[%clk 0:12:59]}  Qc7 {[%clk 0:07:38]} 18. Nc4 {[%clk 0:12:22]}  Qf4 {[%clk 0:05:54]} 19. Qd2 {[%clk 0:11:39]}  Qc7 {[%clk 0:05:12]} 20. Qe2 {[%clk 0:09:28]}  a5 {[%clk 0:04:21]} 21. Ra2 {[%clk 0:03:51]}  a4 {[%clk 0:03:50]} 22. Rda1 {[%clk 0:03:41]}  Bc6 {[%clk 0:03:50]} 23. Nce5 {[%clk 0:02:56]}  Be8 {[%clk 0:03:06]} 24. b3 {[%clk 0:02:58]}  a3 {[%clk 0:02:35]} 25. Nc4 {[%clk 0:02:59]}  Nh5 {[%clk 0:02:25]} 26. g3 {[%clk 0:02:36]}  f5 {[%clk 0:01:51]} 27. e5 {[%clk 0:01:11]}  Bc6 {[%clk 0:01:46]} 28. Rxa3 {[%clk 0:01:11]}  Rxa3 {[%clk 0:01:41]} 29. Rxa3 {[%clk 0:01:13]}  Qb7 {[%clk 0:01:26]} 30. Nfd2 {[%clk 0:00:33]}  f4 {[%clk 0:01:20]} 31. g4 {[%clk 0:00:34]}  f3 {[%clk 0:01:15]} 32. Qe3 {[%clk 0:00:28]}  Nf4 {[%clk 0:01:11]} 33. Bf1 {[%clk 0:00:30]}  Bg5 {[%clk 0:01:12]} 34. Qxc5 {[%clk 0:00:31]}  Ne2+ {[%clk 0:00:58]} 35. Kh1 {[%clk 0:00:17]}  Bh4 {[%clk 0:00:38]} 36. Ra7 {[%clk 0:00:12]}  Qb5 {[%clk 0:00:17]} 37. Qxb5 {[%clk 0:00:13]}  Bxb5 {[%clk 0:00:19]} 38. Nd6 {[%clk 0:00:15]}  Bxf2 {[%clk 0:00:11]} 39. Nxb5 {[%clk 0:00:09]}  Bxa7 {[%clk 0:00:10]} 40. Nxa7 {[%clk 0:00:08]}  Ra8 {[%clk 0:00:09]} 41. Nc6 {[%clk 0:00:06]}  Ng3+ {[%clk 0:00:09]} 42. Kh2 {[%clk 0:00:07]}  Nxf1+ {[%clk 0:00:07]} 43. Nxf1 {[%clk 0:00:08]}  Ra2+ {[%clk 0:00:08]} 44. Kg3 {[%clk 0:00:08]}  Ra1 {[%clk 0:00:06]} 45. Ne3 {[%clk 0:00:07]}  Rc1 {[%clk 0:00:06]} 46. c4 {[%clk 0:00:06]}  Rc3 {[%clk 0:00:05]} 47. Kxf3 {[%clk 0:00:08]}  Rxb3 {[%clk 0:00:06]} 48. Ke4 {[%clk 0:00:07]}  Kf7 {[%clk 0:00:07]} 49. Nd4 {[%clk 0:00:06]}  Rb8 {[%clk 0:00:07]} 50. Nf3 {[%clk 0:00:08]}  Ke7 {[%clk 0:00:09]} 51. Ng5 {[%clk 0:00:05]}  h6 {[%clk 0:00:10]} 52. Nf3 {[%clk 0:00:07]}  Rb3 {[%clk 0:00:09]} 53. Nd4 {[%clk 0:00:07]}  Rc3 {[%clk 0:00:07]} 54. Nb5 {[%clk 0:00:06]}  Rc1 {[%clk 0:00:08]} 55. Nd6 {[%clk 0:00:05]}  Kd7 {[%clk 0:00:07]} 56. Nf7 {[%clk 0:00:05]}  h5 {[%clk 0:00:08]} 57. g5 {[%clk 0:00:06]}  Rh1 {[%clk 0:00:08]} 58. Nh8 {[%clk 0:00:05]}  Rxh3 {[%clk 0:00:08]} 59. Nxg6 {[%clk 0:00:07]}  Rh1 {[%clk 0:00:07]} 60. Nf4 {[%clk 0:00:06]}  Ke7 {[%clk 0:00:07]} 61. g6 {[%clk 0:00:06]}  h4 {[%clk 0:00:07]} 62. Kf3 {[%clk 0:00:08]}  Rg1 {[%clk 0:00:05]} 63. Neg2 {[%clk 0:00:05]}  Rf1+ {[%clk 0:00:06]} 64. Ke2 {[%clk 0:00:07]}  Rg1 {[%clk 0:00:07]} 65. Nxh4 {[%clk 0:00:07]}  Rg4 {[%clk 0:00:09]} 66. Nhg2 {[%clk 0:00:09]}  Rg3 {[%clk 0:00:08]} 67. Ne3 {[%clk 0:00:06]}  Rg5 {[%clk 0:00:09]} 68. Kf2 {[%clk 0:00:05]}  Rxe5 {[%clk 0:00:11]} 69. Kf3 {[%clk 0:00:05]}  Rc5 {[%clk 0:00:11]} 70. Ke4 {[%clk 0:00:06]}  Kf6 {[%clk 0:00:11]} 71. Ng4+ {[%clk 0:00:07]}  Ke7 {[%clk 0:00:11]} 72. Ne5 {[%clk 0:00:08]}  Rc8 {[%clk 0:00:07]} 73. g7 {[%clk 0:00:08]}  Kf6 {[%clk 0:00:04]} 74. Nh5+ {[%clk 0:00:07]}  Kg5 {[%clk 0:00:05]} 75. Nf4 {[%clk 0:00:06]}  Kf6 {[%clk 0:00:07]} 76. Nh5+ {[%clk 0:00:07]}  Kg5 {[%clk 0:00:09]} 77. Ng3 {[%clk 0:00:08]}  Kf6 {[%clk 0:00:10]} 78. Nh5+ {[%clk 0:00:07]}  Kg5 {[%clk 0:00:12]} 79. Nf4 {[%clk 0:00:09]} 1/2-1/2

[Event "Leili Parnpuu Memorial 2026"]
[Site "Pärnu, EE"]
[Date "2026.02.01"]
[Round "5"]
[White "Berzina, Ilze"]
[Black "Olde, Margareth"]
[Result "1/2-1/2"]
[Board "2"]
[WhiteFideId "11601345"]
[BlackFideId "4503082"]
[WhiteTitle "WGM"]
[BlackTitle "WIM"]
[WhiteElo "2080"]
[BlackElo "2080"]
[WhiteTeam "LAT"]
[BlackTeam "EST"]
[WhiteClock "0:00:11"]
[BlackClock "0:00:10"]
[Variant "Standard"]

1. e4 {[%clk 0:15:05]}  d6 {[%clk 0:15:03]} 2. d4 {[%clk 0:15:04]}  Nf6 {[%clk 0:15:05]} 3. Nc3 {[%clk 0:15:03]}  e5 {[%clk 0:15:07]} 4. Nf3 {[%clk 0:14:53]}  Nbd7 {[%clk 0:15:08]} 5. Bc4 {[%clk 0:14:44]}  Be7 {[%clk 0:15:10]} 6. O-O {[%clk 0:14:39]}  O-O {[%clk 0:15:10]} 7. a4 {[%clk 0:14:30]}  c6 {[%clk 0:15:12]} 8. Re1 {[%clk 0:14:22]}  h6 {[%clk 0:15:12]} 9. a5 {[%clk 0:13:47]}  Re8 {[%clk 0:14:51]} 10. h3 {[%clk 0:13:24]}  exd4 {[%clk 0:13:55]} 11. Nxd4 {[%clk 0:12:58]}  Bf8 {[%clk 0:13:21]} 12. Bf4 {[%clk 0:12:23]}  Nc5 {[%clk 0:11:28]} 13. e5 {[%clk 0:11:29]}  dxe5 {[%clk 0:10:59]} 14. Bxe5 {[%clk 0:11:16]}  Nce4 {[%clk 0:06:59]} 15. Nxe4 {[%clk 0:09:22]}  Rxe5 {[%clk 0:07:00]} 16. Bxf7+ {[%clk 0:08:10]}  Kxf7 {[%clk 0:05:20]} 17. Nxc6 {[%clk 0:08:11]}  Qc7 {[%clk 0:03:46]} 18. Nxe5+ {[%clk 0:07:36]}  Qxe5 {[%clk 0:03:49]} 19. Nxf6 {[%clk 0:07:23]}  Qxf6 {[%clk 0:03:36]} 20. Qd5+ {[%clk 0:07:17]}  Kg6 {[%clk 0:03:24]} 21. Re8 {[%clk 0:04:14]}  Qd6 {[%clk 0:01:21]} 22. Qc4 {[%clk 0:02:57]}  Qc5 {[%clk 0:00:15]} 23. Qd3+ {[%clk 0:01:54]}  Kf7 {[%clk 0:00:06]} 24. Rae1 {[%clk 0:01:37]}  Bd6 {[%clk 0:00:05]} 25. Rd8 {[%clk 0:01:08]}  Be7 {[%clk 0:00:06]} 26. Qb3+ {[%clk 0:00:31]}  Kg6 {[%clk 0:00:07]} 27. Qd3+ {[%clk 0:00:25]}  Kf7 {[%clk 0:00:05]} 28. Qf3+ {[%clk 0:00:17]}  Kg6 {[%clk 0:00:04]} 29. Qd3+ {[%clk 0:00:12]}  Kf7 {[%clk 0:00:04]} 30. Qf3+ {[%clk 0:00:11]}  Kg6 {[%clk 0:00:04]} 31. Re8 {[%clk 0:00:06]}  Bf6 {[%clk 0:00:04]} 32. Qd3+ {[%clk 0:00:05]}  Kf7 {[%clk 0:00:04]} 33. Qb3+ {[%clk 0:00:07]}  Kg6 {[%clk 0:00:06]} 34. Qd3+ {[%clk 0:00:08]}  Kf7 {[%clk 0:00:09]} 35. Qb3+ {[%clk 0:00:10]}  Kg6 {[%clk 0:00:10]} 36. Qd3+ {[%clk 0:00:11]} 1/2-1/2

[Event "Leili Parnpuu Memorial 2026"]
[Site "Pärnu, EE"]
[Date "2026.02.01"]
[Round "5"]
[White "Brokko, Margit"]
[Black "Shadrina, Eva"]
[Result "0-1"]
[Board "3"]
[WhiteFideId "4501098"]
[BlackFideId "4510623"]
[WhiteTitle "WIM"]
[BlackTitle "WCM"]
[WhiteElo "1915"]
[BlackElo "1768"]
[WhiteTeam "EST"]
[BlackTeam "EST"]
[WhiteClock "0:00:08"]
[BlackClock "0:00:17"]
[Variant "Standard"]

1. e4 {[%clk 0:15:05]}  c5 {[%clk 0:15:04]} 2. Nc3 {[%clk 0:15:06]}  Nc6 {[%clk 0:15:01]} 3. g3 {[%clk 0:15:05]}  g6 {[%clk 0:14:46]} 4. Bg2 {[%clk 0:15:07]}  Bg7 {[%clk 0:14:46]} 5. d3 {[%clk 0:15:08]}  e6 {[%clk 0:14:44]} 6. Be3 {[%clk 0:15:08]}  b6 {[%clk 0:14:36]} 7. Qd2 {[%clk 0:14:52]}  Nge7 {[%clk 0:13:47]} 8. Bh6 {[%clk 0:14:52]}  O-O {[%clk 0:13:27]} 9. h4 {[%clk 0:14:53]}  f6 {[%clk 0:12:04]} 10. Bxg7 {[%clk 0:14:09]}  Kxg7 {[%clk 0:12:02]} 11. h5 {[%clk 0:14:09]}  g5 {[%clk 0:11:46]} 12. h6+ {[%clk 0:13:58]}  Kh8 {[%clk 0:10:52]} 13. f4 {[%clk 0:13:50]}  g4 {[%clk 0:08:32]} 14. O-O-O {[%clk 0:12:27]}  d5 {[%clk 0:05:41]} 15. exd5 {[%clk 0:12:07]}  exd5 {[%clk 0:07:33]} 16. Nge2 {[%clk 0:10:15]}  Rb8 {[%clk 0:05:54]} 17. d4 {[%clk 0:10:07]}  c4 {[%clk 0:05:43]} 18. Rde1 {[%clk 0:08:35]}  Bf5 {[%clk 0:05:15]} 19. Nd1 {[%clk 0:08:25]}  Qd6 {[%clk 0:04:13]} 20. Nec3 {[%clk 0:08:21]}  b5 {[%clk 0:03:47]} 21. Ne3 {[%clk 0:08:17]}  Be6 {[%clk 0:03:35]} 22. Qd1 {[%clk 0:07:51]}  f5 {[%clk 0:03:29]} 23. Re2 {[%clk 0:07:09]}  b4 {[%clk 0:03:23]} 24. Nb1 {[%clk 0:07:09]}  b3 {[%clk 0:02:45]} 25. axb3 {[%clk 0:06:50]}  cxb3 {[%clk 0:02:42]} 26. c3 {[%clk 0:06:50]}  Na5 {[%clk 0:02:20]} 27. Rhe1 {[%clk 0:06:44]}  Rf6 {[%clk 0:01:58]} 28. Rh1 {[%clk 0:05:12]}  Nac6 {[%clk 0:01:28]} 29. Nd2 {[%clk 0:05:02]}  Na5 {[%clk 0:01:00]} 30. Qg1 {[%clk 0:04:44]}  Qd7 {[%clk 0:00:20]} 31. Qh2 {[%clk 0:04:27]}  Qa4 {[%clk 0:00:13]} 32. Qh4 {[%clk 0:04:13]}  Rf7 {[%clk 0:00:09]} 33. Nxg4 {[%clk 0:03:30]}  fxg4 {[%clk 0:00:09]} 34. Rxe6 {[%clk 0:03:31]}  Nc4 {[%clk 0:00:08]} 35. Nxc4 {[%clk 0:03:14]}  dxc4 {[%clk 0:00:08]} 36. Rxe7 {[%clk 0:02:20]}  Qa1+ {[%clk 0:00:09]} 37. Kd2 {[%clk 0:02:22]}  Qxb2+ {[%clk 0:00:10]} 38. Ke1 {[%clk 0:01:59]}  Qxc3+ {[%clk 0:00:12]} 39. Kf1 {[%clk 0:01:55]}  Qd3+ {[%clk 0:00:11]} 40. Kg1 {[%clk 0:01:41]}  Qxd4+ {[%clk 0:00:12]} 41. Kh2 {[%clk 0:01:43]}  Rxe7 {[%clk 0:00:10]} 42. Qxe7 {[%clk 0:01:44]}  b2 {[%clk 0:00:10]} 43. Rb1 {[%clk 0:01:36]}  c3 {[%clk 0:00:12]} 44. Be4 {[%clk 0:01:18]}  Qd2+ {[%clk 0:00:09]} 45. Kh1 {[%clk 0:01:15]}  Qc1+ {[%clk 0:00:07]} 46. Kh2 {[%clk 0:01:07]}  Qd2+ {[%clk 0:00:09]} 47. Bg2 {[%clk 0:00:55]}  Qd4 {[%clk 0:00:10]} 48. Qe4 {[%clk 0:00:31]}  Qxe4 {[%clk 0:00:09]} 49. Bxe4 {[%clk 0:00:33]}  Rc8 {[%clk 0:00:09]} 50. Bc2 {[%clk 0:00:32]}  a5 {[%clk 0:00:11]} 51. Kg2 {[%clk 0:00:32]}  Rd8 {[%clk 0:00:13]} 52. Kf1 {[%clk 0:00:27]}  Rd2 {[%clk 0:00:13]} 53. Bf5 {[%clk 0:00:09]}  c2 {[%clk 0:00:14]} 54. Bxc2 {[%clk 0:00:06]}  Rxc2 {[%clk 0:00:15]} 55. Ke1 {[%clk 0:00:08]}  Rc1+ {[%clk 0:00:17]} 0-1

[Event "Leili Parnpuu Memorial 2026"]
[Site "Pärnu, EE"]
[Date "2026.02.01"]
[Round "6"]
[White "Olde, Margareth"]
[Black "Blokhin, Sofia"]
[Result "0-1"]
[Board "1"]
[WhiteFideId "4503082"]
[BlackFideId "4508190"]
[WhiteTitle "WIM"]
[BlackTitle "WFM"]
[WhiteElo "2080"]
[BlackElo "2013"]
[WhiteTeam "EST"]
[BlackTeam "EST"]
[WhiteClock "0:00:08"]
[BlackClock "0:00:16"]
[Variant "Standard"]

1. d4 {[%clk 0:15:04]}  f5 {[%clk 0:15:05]} 2. g3 {[%clk 0:15:05]}  Nf6 {[%clk 0:15:06]} 3. Bg2 {[%clk 0:15:07]}  g6 {[%clk 0:15:07]} 4. Nh3 {[%clk 0:15:02]}  Bg7 {[%clk 0:15:08]} 5. Nf4 {[%clk 0:15:04]}  Nc6 {[%clk 0:15:08]} 6. c4 {[%clk 0:14:34]}  e5 {[%clk 0:14:45]} 7. dxe5 {[%clk 0:14:36]}  Nxe5 {[%clk 0:14:46]} 8. Qc2 {[%clk 0:14:17]}  c6 {[%clk 0:14:18]} 9. O-O {[%clk 0:13:49]}  O-O {[%clk 0:13:31]} 10. h4 {[%clk 0:13:11]}  b6 {[%clk 0:12:54]} 11. Rd1 {[%clk 0:12:56]}  Qc7 {[%clk 0:11:03]} 12. b3 {[%clk 0:10:51]}  Bb7 {[%clk 0:10:32]} 13. Bb2 {[%clk 0:09:05]}  Rfe8 {[%clk 0:10:03]} 14. Nc3 {[%clk 0:08:31]}  Rad8 {[%clk 0:09:35]} 15. e4 {[%clk 0:07:10]}  fxe4 {[%clk 0:08:25]} 16. Nxe4 {[%clk 0:07:03]}  Nxe4 {[%clk 0:08:18]} 17. Bxe4 {[%clk 0:06:49]}  d6 {[%clk 0:07:54]} 18. h5 {[%clk 0:06:00]}  g5 {[%clk 0:05:16]} 19. Bxh7+ {[%clk 0:01:55]}  Kh8 {[%clk 0:05:18]} 20. Bxe5 {[%clk 0:01:24]}  dxe5 {[%clk 0:03:37]} 21. Rxd8 {[%clk 0:01:23]}  Qxd8 {[%clk 0:02:32]} 22. Rd1 {[%clk 0:00:38]}  Qc7 {[%clk 0:02:02]} 23. Ng2 {[%clk 0:00:28]}  Rf8 {[%clk 0:01:17]} 24. Ne3 {[%clk 0:00:24]}  Qf7 {[%clk 0:00:34]} 25. Qe2 {[%clk 0:00:21]}  Kxh7 {[%clk 0:00:34]} 26. Kg2 {[%clk 0:00:08]}  c5+ {[%clk 0:00:36]} 27. Nd5 {[%clk 0:00:10]}  Kh8 {[%clk 0:00:29]} 28. h6 {[%clk 0:00:06]}  Bxh6 {[%clk 0:00:29]} 29. Qxe5+ {[%clk 0:00:09]}  Bg7 {[%clk 0:00:22]} 30. Rh1+ {[%clk 0:00:07]}  Kg8 {[%clk 0:00:24]} 31. f3 {[%clk 0:00:05]}  Qxf3+ {[%clk 0:00:24]} 32. Kh2 {[%clk 0:00:06]}  Qf2+ {[%clk 0:00:18]} 33. Kh3 {[%clk 0:00:08]}  Bxe5 {[%clk 0:00:16]} 0-1